| 000 | 00918cab a2200253 4500 | ||
|---|---|---|---|
| 001 | WB3424-29 | ||
| 008 | 090401t1998 xxu||||| |||| 00| 0 eng d | ||
| 035 | _a(Sirsi) u86975 | ||
| 041 | _aeng | ||
| 245 | _aStreamlined conveyancing | ||
| 260 | _c1998 | ||
| 350 | _a0 | ||
| 490 |
_aSolicitors` Journal _v142(24) 19 June 1998, 555(1) |
||
| 520 | _aThe Law Society is to launch a seller`s package of information as part of a streamlined conveyancing procedure. The package containing important information about the property could be given to buyers before they make an offer. | ||
| 650 | _aCONVEYANCERS | ||
| 650 | _aHOMEBUYERS | ||
| 650 | _aPROPERTY-RESIDENTIAL PROPERTY-ACQUISITION AND DISPOSAL OF RESIDENTIAL PROPERTY | ||
| 650 | _aINFORMATION | ||
| 650 | _aLAW SOCIETY | ||
| 650 | _aSTREAMLINED CONVEYANCING PROCEDURE | ||
| 690 | _aPROPERTY LAW AND PRACTICE | ||
| 942 | _n0 | ||
| 948 | _c23/06/1998 | ||
| 999 |
_c54778 _d54778 |
||